[Event "Titled Tue 27th May Early"]
[Site "chess.com INT"]
[Date "2025.05.27"]
[Round "5"]
[White "Klukin, Kirill"]
[Black "Toktomushev, Teimur"]
[Result "1/2-1/2"]
[WhiteTitle "IM"]
[BlackTitle "FM"]
[WhiteElo "2407"]
[BlackElo "2398"]
[WhiteFideId "24199273"]
[BlackFideId "14176726"]
[EventDate "2025.05.27"]

1. d4 d5 2. c4 e6 3. Nc3 Nf6 4. cxd5 exd5 5. Bg5 Be7 6. Qc2 c6 7. e3 Nbd7 8. Bd3
O-O 9. Nf3 Re8 10. h3 g6 11. O-O Ne4 12. Bf4 Ndf6 13. Ne5 Bd6 14. Rae1 Bf5 15.
g4 Bc8 16. f3 Nxc3 17. bxc3 c5 18. Qf2 Qc7 19. Qh4 Nd7 20. Nxf7 Bxf4 21. exf4
Rxe1 22. Rxe1 Qxf4 23. Re8+ Kg7 24. Ne5 Nxe5 25. dxe5 Qe3+ 26. Kg2 Qd2+ 27. Kg1
Qe3+ 28. Qf2 Qxd3 29. Qxc5 Qd1+ 30. Kh2 Qe2+ 31. Kg3 Qe1+ 32. Kg2 Qe2+ 33. Qf2
Qxf2+ 34. Kxf2 b6 35. f4 Kf7 36. Rh8 Kg7 37. Rd8 Kh6 38. Kg3 Bb7 39. Rd7 g5 40.
fxg5+ Kxg5 41. Rxb7 Rc8 42. Rg7+ Kh6 43. Rxa7 Rxc3+ 44. Kh4 Re3 45. Re7 Kg6 46.
Re6+ Kf7 47. Rxb6 Rxe5 48. a4 d4 49. Rd6 Re4 50. a5 Re5 51. a6 Ra5 52. Rd7+ Kg6
53. a7 d3 54. Rd6+ Kg7 55. Rd7+ Kg6 56. Rd8 Rxa7 57. Rd6+ Kg7 58. Rxd3 Ra6 59.
Kh5 Ra5+ 60. g5 Ra7 61. h4 Rb7 62. Rd6 Rc7 63. Rd4 Rb7 64. Kg4 Rc7 65. Re4 Rb7
66. h5 Ra7 67. Kf5 Ra5+ 68. Re5 Ra7 69. Rd5 Rb7 70. Ke6 Rb6+ 71. Rd6 Rb5 72.
Rd7+ Kg8 73. Kf6 Rb6+ 74. Ke5 Rb5+ 75. Rd5 Rb1 76. Kf6 Rb6+ 77. Kf5 Rb1 78. Rd8+
Kf7 79. Rd7+ Kg8 80. Rd4 Rb5+ 81. Kf6 Rb6+ 82. Ke5 Rb5+ 83. Rd5 Rb1 84. h6 Kf7
85. Rd7+ Kg8 86. Rg7+ Kh8 87. Re7 Re1+ 88. Kf6 Rf1+ 89. Ke6 Re1+ 90. Kf7 Rf1+
91. Ke8 Kg8 92. Re5 Rf2 93. Ke7 Rf1 94. Ke6 Rf2 95. Rc5 Rf1 96. Rc8+ Rf8 97. Rc7
Re8+ 98. Kf5 Rf8+ 99. Kg4 Re8 100. Rg7+ Kh8 101. Rd7 Re4+ 102. Kf5 Re8 103. Rf7
Kg8 104. Kf6 Ra8 105. Rg7+ Kh8 106. Re7 Kg8 107. Re6 Rf8+ 108. Ke5 Ra8 109. Kf5
Rf8+ 110. Kg4 Ra8 111. Kh5 Rb8 112. Rd6 Ra8 113. Rf6 Rb8 114. Kg4 Ra8 115. Rf4
Rb8 116. Ra4 Rc8 117. Rb4 Ra8 118. Rb5 Rc8 119. Rb6 Ra8 120. Kf5 Ra5+ 121. Kf6
Ra8 122. Rd6 Rb8 123. Ke7 Rb7+ 124. Ke6 Rb8 125. g6 hxg6 126. Rd7 Rb6+ 127. Ke5
g5 128. Kf5 Rxh6 129. Kxg5 Ra6 130. Rd8+ 1/2-1/2

[Event "Titled Tue 27th May Early"]
[Site "chess.com INT"]
[Date "2025.05.27"]
[Round "5"]
[White "Harshit, Ranjan Sahu"]
[Black "Galchenko, Matvey"]
[Result "1-0"]
[WhiteTitle "CM"]
[BlackTitle "IM"]
[WhiteElo "2214"]
[BlackElo "2442"]
[WhiteFideId "25638815"]
[BlackFideId "24175480"]
[EventDate "2025.05.27"]

1. e4 e6 2. d4 d5 3. Nc3 h6 4. Nf3 Nf6 5. Bd3 Bb4 6. exd5 exd5 7. O-O O-O 8. Ne2
Re8 9. c3 Bd6 10. Ng3 Ne4 11. c4 c6 12. cxd5 cxd5 13. Bc2 Nc6 14. a3 Bg4 15. Be3
Bxg3 16. hxg3 Nxg3 17. Re1 Ne4 18. Qd3 Bh5 19. Ne5 Nxe5 20. dxe5 Rxe5 21. Bd4
Re6 22. f3 Ng5 23. Rxe6 fxe6 24. Re1 Qc7 25. Be5 Qc5+ 26. Bd4 Qc7 27. Be5 Qc4
28. Qxc4 dxc4 29. Bf4 Kf7 30. Re5 Kf6 31. Rc5 Rd8 32. Be5+ Ke7 33. Bxg7 Be8 34.
Bxh6 Nf7 35. Be3 Bc6 36. Rxc4 Rg8 37. Kf2 Ne5 38. Rh4 a6 39. Rh7+ Nf7 40. Bc5+
Kf6 41. Bb3 Rd8 42. Bb4 Bd5 43. Bc3+ Ke7 44. Bc2 Rg8 45. g4 Ke8 46. Kg3 Ng5 47.
Rc7 Nxf3 48. Bb4 Ne5 49. Rc8+ Kf7 50. Rxg8 Kxg8 51. Bc3 Nc6 52. Kf4 Kf7 53. g5
Bc4 54. g6+ Kg8 55. Kg5 Ne7 56. Be5 Nd5 57. g7 Ne7 58. Kf6 Nd5+ 59. Kg5 Be2 60.
Kh6 Ne7 61. Bh7+ Kf7 62. Bc3 Ng8+ 63. Kg5 Bc4 64. Bg6+ Ke7 65. Bh7 Kf7 66. Bg6+
Ke7 67. Be4 b6 68. Bh7 e5 69. Bxe5 b5 70. Bc3 Ke8 71. Bg6+ Kd7 72. Be4 Ne7 73.
Kh6 Ke8 74. Bb4 Ng8+ 75. Kg5 Kf7 76. Bc3 Ne7 77. Bb7 b4 78. Bxb4 Ng8 79. Bc3 Ne7
80. Be4 Ng8 81. Bd4 Ke7 82. Bc3 Kd7 83. Bh7 Ke7 84. Bxg8 Bxg8 85. Kf4 Ke6 86.
Ke3 Kd5 87. Kf4 Ke6 88. Ke4 Kd6 89. Kd4 Kc6 90. Ke5 Kd7 91. Kf6 Ke8 92. Bb4 Kd7
93. Kg6 Ke8 94. Kf6 Kd7 95. Bf8 Bb3 96. Kg6 Bg8 97. b4 Kc6 98. Bc5 Kd7 99. Kf6
Bb3 100. Kg6 Bg8 101. a4 Kc6 102. Bf8 Kd7 103. b5 axb5 104. axb5 Kc7 105. Bc5
Kd7 106. b6 Kc6 107. Bd4 Kd7 108. Kf6 Bd5 109. Kg6 Bg8 110. Be3 Kc6 111. Kf6 Kd7
112. Bf4 Bd5 113. b7 Bxb7 114. g8=Q Kc6 115. Qe8+ Kc5 116. Qe5+ Kb6 117. Qc7+
Ka6 118. Be3 1-0

[Event "Titled Tue 27th May Early"]
[Site "chess.com INT"]
[Date "2025.05.27"]
[Round "6"]
[White "Berikkyzy Alanna"]
[Black "Nan, M K Khine Hlyan"]
[Result "1-0"]
[WhiteTitle "WFM"]
[BlackTitle "WFM"]
[WhiteElo "2104"]
[BlackElo "1984"]
[WhiteFideId "13780719"]
[BlackFideId "13002899"]
[EventDate "2025.05.27"]

1. e4 e5 2. Nf3 Nc6 3. Bb5 a6 4. Ba4 b5 5. Bb3 d6 6. c3 Nb8 7. d4 exd4 8. cxd4
Nf6 9. O-O Be7 10. Qe2 O-O 11. e5 dxe5 12. dxe5 Ne8 13. Bc2 Bg4 14. Qe4 Bxf3 15.
Qxh7# 1-0

[Event "Titled Tue 27th May Early"]
[Site "chess.com INT"]
[Date "2025.05.27"]
[Round "6"]
[White "Provaznik, Michal"]
[Black "Ermolaev, Evgeny"]
[Result "0-1"]
[WhiteTitle "CM"]
[BlackTitle "FM"]
[WhiteElo "2050"]
[BlackElo "2282"]
[WhiteFideId "315273"]
[BlackFideId "24103195"]
[EventDate "2025.05.27"]

1. e4 c5 2. c3 d5 3. exd5 Qxd5 4. d4 Nf6 5. Nf3 e6 6. Bd3 Nc6 7. O-O cxd4 8.
cxd4 Be7 9. Nc3 Qd6 10. Re1 O-O 11. Bg5 h6 12. Bd2 b6 13. a3 Bb7 14. Qc1 Nxd4
15. Ne5 Nb3 16. Qc2 Nxa1 17. Rxa1 Qxe5 0-1

[Event "Titled Tue 27th May Early"]
[Site "chess.com INT"]
[Date "2025.05.27"]
[Round "6"]
[White "Burmakin, Evgeniy"]
[Black "Korneev Leskova, Svyatoslav"]
[Result "1-0"]
[WhiteTitle "FM"]
[BlackTitle "CM"]
[WhiteElo "2110"]
[BlackElo "2172"]
[WhiteFideId "4163729"]
[BlackFideId "22267565"]
[EventDate "2025.05.27"]

1. e4 e6 2. d4 d5 3. Nd2 c5 4. Ngf3 cxd4 5. exd5 Qxd5 6. Bc4 Qd7 7. O-O Nc6 8.
Nb3 Nf6 9. Qe2 a6 10. a4 Bd6 11. Rd1 Qc7 12. Nbxd4 Nxd4 13. Rxd4 Bd7 14. Bg5 h6
15. Bxf6 gxf6 16. Rad1 b5 17. Rxd6 1-0

[Event "Titled Tue 27th May Early"]
[Site "chess.com INT"]
[Date "2025.05.27"]
[Round "6"]
[White "Idani, Pouya"]
[Black "Nguyen Quang Anh"]
[Result "1-0"]
[WhiteTitle "GM"]
[BlackTitle "CM"]
[WhiteElo "2630"]
[BlackElo "2052"]
[WhiteFideId "12510130"]
[BlackFideId "12432377"]
[EventDate "2025.05.27"]

1. d4 Nf6 2. Nf3 c5 3. e3 e6 4. c4 cxd4 5. exd4 d5 6. Nc3 Bb4 7. cxd5 Nxd5 8.
Bd2 O-O 9. Bd3 h6 10. O-O Be7 11. Qe2 Nc6 12. Rad1 Bf6 13. Qe4 Re8 14. Ne5 Nxe5
15. dxe5 Bg5 16. Qh7+ Kf8 17. Nxd5 exd5 18. Bb4+ Re7 19. Qh8# 1-0

[Event "Titled Tue 27th May Early"]
[Site "chess.com INT"]
[Date "2025.05.27"]
[Round "6"]
[White "Maglioni, Leonardo"]
[Black "Madi, Aidana"]
[Result "1-0"]
[BlackTitle "WFM"]
[WhiteElo "2069"]
[BlackElo "1855"]
[WhiteFideId "2896830"]
[BlackFideId "13722689"]
[EventDate "2025.05.27"]

1. d4 Nf6 2. Bf4 g6 3. Nc3 Bg7 4. Qd2 O-O 5. O-O-O d6 6. e4 c6 7. f3 b5 8. h4 h5
9. Bh6 a5 10. g4 hxg4 11. h5 Nxh5 12. Rxh5 1-0

[Event "Titled Tue 27th May Early"]
[Site "chess.com INT"]
[Date "2025.05.27"]
[Round "6"]
[White "Tursunalieva, Nurelina"]
[Black "Garcia, Jhoel"]
[Result "0-1"]
[WhiteTitle "WCM"]
[BlackTitle "IM"]
[WhiteElo "1810"]
[BlackElo "2304"]
[WhiteFideId "13817329"]
[BlackFideId "3801110"]
[EventDate "2025.05.27"]

1. e4 e5 2. Nf3 Nf6 3. d4 Nxe4 4. Bd3 d5 5. Nxe5 Nd7 6. Nxd7 Bxd7 7. O-O Bd6 8.
Re1 f5 9. f3 Qh4 10. g3 Bxg3 11. hxg3 Qxg3+ 12. Kh1 O-O 13. fxe4 fxe4 14. Be2
Rf2 15. Bh5 Rh2# 0-1

[Event "Titled Tue 27th May Early"]
[Site "chess.com INT"]
[Date "2025.05.27"]
[Round "6"]
[White "Safin Safarullakhan"]
[Black "Ejsymont, Blanka"]
[Result "1-0"]
[WhiteTitle "CM"]
[BlackTitle "WCM"]
[WhiteElo "2109"]
[BlackElo "1907"]
[WhiteFideId "33379475"]
[BlackFideId "21088268"]
[EventDate "2025.05.27"]

1. e4 c5 2. Nf3 d6 3. d4 cxd4 4. Nxd4 Nf6 5. Nc3 g6 6. Be3 Bg7 7. f3 Nc6 8. Qd2
O-O 9. O-O-O Nxd4 10. Bxd4 Be6 11. g4 a6 12. h4 b5 13. Kb1 b4 14. Nd5 Qa5 15.
Nxe7+ Kh8 16. b3 d5 17. h5 gxh5 18. gxh5 h6 19. Bxf6 dxe4 20. Qxh6# 1-0

[Event "Titled Tue 27th May Early"]
[Site "chess.com INT"]
[Date "2025.05.27"]
[Round "6"]
[White "Butti, Enrique"]
[Black "Rabin, Evan"]
[Result "1-0"]
[WhiteTitle "CM"]
[WhiteElo "1998"]
[BlackElo "1945"]
[WhiteFideId "3700470"]
[BlackFideId "2028670"]
[EventDate "2025.05.27"]

1. d4 Nf6 2. Nf3 e6 3. e3 b6 4. Bd3 Bb7 5. O-O Be7 6. b3 O-O 7. Bb2 c5 8. c4 d6
9. Nc3 Qc7 10. Qe2 Nbd7 11. Rad1 Rac8 12. d5 e5 13. Nd2 g6 14. f4 Rfe8 15. Qf3
exf4 16. Qxf4 Ne5 17. Bc2 Qb8 18. Nce4 Nxe4 19. Nxe4 f5 20. Ng5 Bf6 21. Bxf5
gxf5 22. Qxf5 Bxg5 23. Qxg5+ Ng6 24. Rf6 Re5 25. Bxe5 dxe5 26. h4 1-0

[Event "Titled Tue 27th May Early"]
[Site "chess.com INT"]
[Date "2025.05.27"]
[Round "6"]
[White "Injac, Teodora"]
[Black "Parfenov, Viktor N."]
[Result "1-0"]
[WhiteTitle "IM"]
[BlackTitle "CM"]
[WhiteElo "2474"]
[BlackElo "2193"]
[WhiteFideId "932400"]
[BlackFideId "4165969"]
[EventDate "2025.05.27"]

1. d4 d5 2. Nf3 e6 3. Bf4 c5 4. e3 Nc6 5. Nbd2 Nf6 6. c3 Bd6 7. Bg3 O-O 8. Bd3
b6 9. e4 Be7 10. e5 Nh5 11. Ng5 Bxg5 12. Qxh5 g6 13. Qe2 cxd4 14. h4 Bh6 15. h5
Bg5 16. Nf3 dxc3 17. bxc3 d4 18. Qe4 dxc3 19. hxg6 fxg6 20. Rxh7 Bd2+ 21. Ke2
Rf5 22. Rah1 1-0

[Event "Titled Tue 27th May Early"]
[Site "chess.com INT"]
[Date "2025.05.27"]
[Round "6"]
[White "Jaskolka, Tomasz"]
[Black "Luong Phuong Hanh"]
[Result "0-1"]
[WhiteTitle "CM"]
[BlackTitle "WIM"]
[WhiteElo "2200"]
[BlackElo "2144"]
[WhiteFideId "1170791"]
[BlackFideId "12401013"]
[EventDate "2025.05.27"]

1. d4 Nf6 2. Bf4 g6 3. Nc3 d5 4. e3 Bg7 5. h4 h6 6. Nf3 O-O 7. Ne5 c5 8. Be2
cxd4 9. exd4 Nc6 10. O-O Bf5 11. a3 Rc8 12. Nxc6 bxc6 13. Bd3 Ne4 14. Bxe4 dxe4
15. Be3 e5 16. dxe5 Qxh4 17. g3 Qh3 18. Ne2 Bxe5 19. Bf4 Bg4 20. f3 exf3 21.
Bxe5 Qg2# 0-1

[Event "Titled Tue 27th May Early"]
[Site "chess.com INT"]
[Date "2025.05.27"]
[Round "6"]
[White "Dauer, Andre Leonardo"]
[Black "Galchenko, Matvey"]
[Result "0-1"]
[WhiteTitle "CM"]
[BlackTitle "IM"]
[WhiteElo "2138"]
[BlackElo "2442"]
[WhiteFideId "2126915"]
[BlackFideId "24175480"]
[EventDate "2025.05.27"]

1. e4 e6 2. d3 d5 3. Nd2 Nf6 4. Ngf3 c5 5. g3 Be7 6. Bg2 O-O 7. O-O b5 8. c3 Bb7
9. Re1 a5 10. h4 b4 11. e5 Nfd7 12. Nf1 Nc6 13. N1h2 a4 14. Ng4 Qc7 15. Bf4 Rfc8
16. Ng5 Qd8 17. Ne3 h6 18. Qh5 hxg5 19. hxg5 Ndxe5 20. d4 cxd4 21. cxd4 Ng6 22.
Ng4 Nxd4 23. Kh2 Rc2 24. Rh1 Bd6 25. Bxd6 Qxd6 26. Nf6+ gxf6 27. gxf6 Qe5 28.
Qh6 Qxf6 29. Kg1 Qxf2+ 0-1

[Event "Titled Tue 27th May Early"]
[Site "chess.com INT"]
[Date "2025.05.27"]
[Round "6"]
[White "Tahbaz, Arash"]
[Black "Daulet, Alikhan"]
[Result "1-0"]
[WhiteTitle "IM"]
[BlackTitle "CM"]
[WhiteElo "2462"]
[BlackElo "2100"]
[WhiteFideId "12528846"]
[BlackFideId "13741632"]
[EventDate "2025.05.27"]

1. Nf3 d5 2. g3 Nf6 3. Bg2 c6 4. O-O Bf5 5. d3 h6 6. c4 e6 7. Qb3 Qb6 8. Be3
Qxb3 9. axb3 a6 10. Bd2 Nbd7 11. Bc3 Be7 12. b4 O-O 13. Nbd2 Bh7 14. Rfe1 Rfe8
15. e4 dxe4 16. dxe4 Red8 17. h3 Nf8 18. Ne5 N6d7 19. Nef3 Nb6 20. c5 Nbd7 21.
Nc4 f6 22. e5 Bd3 23. Bf1 Bxc4 24. Bxc4 f5 25. Nd4 Nxe5 26. Rxe5 Bf6 27. Nxe6
Nxe6 28. Rxe6 Bxc3 1-0

[Event "Titled Tue 27th May Early"]
[Site "chess.com INT"]
[Date "2025.05.27"]
[Round "6"]
[White "Harsh, Suresh"]
[Black "Kravtsiv, Martyn"]
[Result "1-0"]
[WhiteTitle "IM"]
[BlackTitle "GM"]
[WhiteElo "2392"]
[BlackElo "2598"]
[WhiteFideId "45018464"]
[BlackFideId "14113147"]
[EventDate "2025.05.27"]

1. b3 e5 2. Bb2 Nc6 3. c4 Nf6 4. Nf3 e4 5. Nd4 d5 6. Nxc6 bxc6 7. cxd5 cxd5 8.
e3 Bd6 9. Nc3 c6 10. d3 exd3 11. Bxd3 O-O 12. O-O Bxh2+ 13. Kxh2 Ng4+ 14. Kg3
Re8 15. Qf3 Ne5 16. Bxh7+ Kxh7 17. Qh5+ Kg8 18. Rh1 Qd6 19. Qh8# 1-0

[Event "Titled Tue 27th May Early"]
[Site "chess.com INT"]
[Date "2025.05.27"]
[Round "6"]
[White "Negrean, Andrei"]
[Black "Barrientos, Ernesto"]
[Result "1-0"]
[WhiteTitle "FM"]
[BlackTitle "CM"]
[WhiteElo "2336"]
[BlackElo "2027"]
[WhiteFideId "1291513"]
[BlackFideId "3701247"]
[EventDate "2025.05.27"]

1. d4 d5 2. Nc3 Nf6 3. Bf4 a6 4. e3 Bf5 5. Nf3 e6 6. Bd3 Bg6 7. Ne5 c5 8. O-O c4
9. Nxg6 hxg6 10. Be2 Bd6 11. Bxd6 Qxd6 12. g3 Nc6 13. Bf3 O-O-O 14. b3 cxb3 15.
axb3 Rh6 16. Kg2 Rdh8 17. Rh1 g5 18. Na4 Nd7 19. c4 f5 20. cxd5 exd5 21. Qc2 g4
22. Be2 Rh3 23. Qxf5 Ne7 24. Qxg4 Kb8 25. Qf4 Qxf4 26. exf4 Nf5 27. Bg4 1-0

[Event "Titled Tue 27th May Early"]
[Site "chess.com INT"]
[Date "2025.05.27"]
[Round "6"]
[White "Centron Antuna, Daniel"]
[Black "Szpar, Milosz"]
[Result "1-0"]
[WhiteTitle "FM"]
[BlackTitle "IM"]
[WhiteElo "2290"]
[BlackElo "2475"]
[WhiteFideId "22288694"]
[BlackFideId "1184989"]
[EventDate "2025.05.27"]

1. d4 e6 2. e4 d5 3. Nc3 Nf6 4. e5 Nfd7 5. f4 c5 6. Nf3 Nc6 7. Be3 Be7 8. h4 a6
9. h5 b5 10. Qd2 b4 11. Ne2 a5 12. Rh3 a4 13. f5 exf5 14. Rg3 g6 15. hxg6 hxg6
16. e6 Nf6 17. exf7+ Kxf7 18. Ng5+ Kg7 19. dxc5 Ne5 20. Nf4 Qe8 21. O-O-O Nfg4
22. Nge6+ Bxe6 23. Nxe6+ Kf7 24. Qxd5 Qc6 25. Nd8+ 1-0

[Event "Titled Tue 27th May Early"]
[Site "chess.com INT"]
[Date "2025.05.27"]
[Round "6"]
[White "Bustelo, Tabare"]
[Black "Redor, Menandro"]
[Result "0-1"]
[WhiteTitle "CM"]
[WhiteElo "2043"]
[BlackElo "2021"]
[WhiteFideId "3000362"]
[BlackFideId "5222010"]
[EventDate "2025.05.27"]

1. d4 c6 2. e4 d5 3. f3 dxe4 4. Nc3 exf3 5. Qxf3 Nf6 6. Bg5 Bg4 7. Qe3 Nd5 8.
Nxd5 cxd5 9. h3 Bh5 10. g4 Bg6 11. O-O-O Nc6 12. Bg2 Qa5 13. Kb1 Nb4 14. Qd2
Qxa2+ 0-1

[Event "Titled Tue 27th May Early"]
[Site "chess.com INT"]
[Date "2025.05.27"]
[Round "6"]
[White "Andreikin, Dmitry"]
[Black "Dubnevych, Maksym"]
[Result "1-0"]
[WhiteTitle "GM"]
[BlackTitle "FM"]
[WhiteElo "2695"]
[BlackElo "2292"]
[WhiteFideId "4158814"]
[BlackFideId "14184001"]
[EventDate "2025.05.27"]

1. d4 d5 2. c4 e6 3. Nc3 Nf6 4. cxd5 exd5 5. Bf4 Bd6 6. Bxd6 Qxd6 7. e3 O-O 8.
Bd3 c6 9. h3 Re8 10. Qc2 a5 11. Nf3 b5 12. O-O Ba6 13. Rfc1 Nbd7 14. Ne2 b4 15.
Nf4 Bxd3 16. Nxd3 Rec8 17. a3 Rab8 18. axb4 axb4 19. Ra6 Rb6 20. Rxb6 Nxb6 21.
Nfe5 Ne4 22. Nxc6 Nc4 23. Ncxb4 h5 24. b3 Nb6 25. Qb2 Re8 26. Rc6 Qd8 27. Qc2
Nd7 28. Nxd5 Nb8 29. Rc8 Qxc8 30. Ne7+ 1-0

[Event "Titled Tue 27th May Early"]
[Site "chess.com INT"]
[Date "2025.05.27"]
[Round "6"]
[White "Sturt, Raven"]
[Black "Le, Quang Liem"]
[Result "0-1"]
[WhiteTitle "GM"]
[BlackTitle "GM"]
[WhiteElo "2459"]
[BlackElo "2729"]
[WhiteFideId "2007304"]
[BlackFideId "12401137"]
[EventDate "2025.05.27"]

1. f4 d5 2. Nf3 g6 3. e3 Bg7 4. c4 Nf6 5. cxd5 Nxd5 6. d4 O-O 7. Be2 c5 8. e4
Nf6 9. Nc3 cxd4 10. Nxd4 Nxe4 11. Nxe4 Bxd4 12. h4 Qb6 13. h5 Bf5 14. Bf3 Rd8
15. Qe2 Nc6 16. g4 Bxe4 17. Bxe4 Rac8 18. hxg6 hxg6 19. f5 Ne5 20. Qh2 Nxg4 21.
Qh7+ Kf8 22. fxg6 Bc3+ 23. bxc3 Qf2# 0-1

[Event "Titled Tue 27th May Early"]
[Site "chess.com INT"]
[Date "2025.05.27"]
[Round "6"]
[White "Nayem, Haque"]
[Black "Angulo Perez, Sebastian"]
[Result "1-0"]
[WhiteTitle "FM"]
[BlackTitle "CM"]
[WhiteElo "2180"]
[BlackElo "2026"]
[WhiteFideId "10217754"]
[BlackFideId "6544045"]
[EventDate "2025.05.27"]

1. e4 c6 2. Nf3 d5 3. Qe2 dxe4 4. Qxe4 Nf6 5. Qh4 e6 6. Bc4 Be7 7. Qg3 O-O 8.
O-O b5 9. Bb3 c5 10. d3 Nc6 11. Nc3 b4 12. Ne4 Nxe4 13. dxe4 Ba6 14. Re1 c4 15.
Ba4 Nd4 16. Bh6 Nxf3+ 17. gxf3 Bf6 18. e5 Kh8 19. exf6 Qxf6 20. Bf4 Rad8 21. Bg5
Qxb2 22. Bxd8 Rxd8 23. Rad1 Rg8 24. Qd6 Bb7 25. Qe7 Bxf3 26. Rd8 h6 27. Rxg8+
Kxg8 28. Qe8+ Kh7 29. Qxf7 Qc3 30. Qxe6 Bh5 31. Be8 Qf3 32. Bxh5 Qxh5 33. Qe4+
Kg8 34. Qe8+ 1-0

[Event "Titled Tue 27th May Early"]
[Site "chess.com INT"]
[Date "2025.05.27"]
[Round "6"]
[White "Gelman, Alexander"]
[Black "Solonkov, Dmitrij"]
[Result "0-1"]
[WhiteTitle "IM"]
[BlackTitle "FM"]
[WhiteElo "2403"]
[BlackElo "2434"]
[WhiteFideId "4118316"]
[BlackFideId "4150139"]
[EventDate "2025.05.27"]

1. d4 Nf6 2. Nc3 d5 3. Bf4 c5 4. e3 cxd4 5. exd4 a6 6. Nf3 Nc6 7. Ne5 Bf5 8. g4
Bg6 9. h4 h6 10. Nxg6 fxg6 11. Qd3 Kf7 12. O-O-O Qa5 13. Kb1 Rc8 14. Bh3 Nb4 15.
Qe2 Rxc3 16. bxc3 Qxa2+ 17. Kc1 Ne4 18. Qxe4 dxe4 19. cxb4 e6 20. c3 Bxb4 0-1

[Event "Titled Tue 27th May Early"]
[Site "chess.com INT"]
[Date "2025.05.27"]
[Round "6"]
[White "Li, Hui"]
[Black "Radchenko, Alexey"]
[Result "0-1"]
[WhiteTitle "CM"]
[BlackTitle "FM"]
[WhiteElo "2041"]
[BlackElo "2293"]
[WhiteFideId "15400310"]
[BlackFideId "4192362"]
[EventDate "2025.05.27"]

1. e3 d5 2. d4 Nf6 3. Nf3 c5 4. c3 Nc6 5. Bd3 Bg4 6. Nbd2 e5 7. dxe5 Nxe5 8.
Bb5+ Nc6 9. O-O Bd6 10. Re1 O-O 11. Nf1 Ne5 12. Be2 Re8 13. Nxe5 Bxe2 14. Qxe2
Bxe5 15. Qb5 Ne4 16. Ng3 Bxg3 17. hxg3 Qf6 18. Rf1 b6 19. Qd3 Rad8 20. Bd2 Re5
21. Rad1 Qh6 22. f3 Nxg3 23. e4 Qh1+ 24. Kf2 Qh4 0-1

[Event "Titled Tue 27th May Early"]
[Site "chess.com INT"]
[Date "2025.05.27"]
[Round "6"]
[White "Suyarov, Mukhammadzokhid"]
[Black "Aradhya, Garg"]
[Result "1-0"]
[WhiteTitle "IM"]
[BlackTitle "IM"]
[WhiteElo "2491"]
[BlackElo "2383"]
[WhiteFideId "14210495"]
[BlackFideId "25006746"]
[EventDate "2025.05.27"]

1. e4 e5 2. Nf3 Nc6 3. Bb5 a6 4. Bxc6 dxc6 5. O-O Bd6 6. d4 exd4 7. Qxd4 f6 8.
Nbd2 Be6 9. Qc3 Qe7 10. Nc4 Bb4 11. Qd3 Rd8 12. Qe2 Qc5 13. b3 Bxc4 14. bxc4 Ne7
15. Be3 Qa5 16. Rab1 b6 17. Nd4 Kf7 18. e5 Rhe8 19. Qh5+ Ng6 20. Nxc6 Qa4 21.
e6+ Kxe6 22. Nxd8+ Rxd8 23. Qg4+ Kf7 24. c5 bxc5 25. Qc4+ Ke8 26. Bxc5 Ne5 27.
Qe6# 1-0

[Event "Titled Tue 27th May Early"]
[Site "chess.com INT"]
[Date "2025.05.27"]
[Round "6"]
[White "Vedant Rupeshbhai Varasada"]
[Black "Souza dos Santos, Matheus Garcett"]
[Result "1-0"]
[WhiteTitle "CM"]
[WhiteElo "1971"]
[BlackElo "1981"]
[WhiteFideId "25156527"]
[BlackFideId "2144492"]
[EventDate "2025.05.27"]

1. e4 c5 2. Nf3 a6 3. c4 Nc6 4. d4 cxd4 5. Nxd4 d6 6. Nc3 e6 7. Be3 Nf6 8. Be2
Be7 9. O-O O-O 10. Qd2 Qc7 11. Rfd1 b6 12. Rac1 Bb7 13. a3 Ne5 14. f3 Ned7 15.
b4 Rac8 16. Nb3 Qb8 17. Na4 Ba8 18. g4 Ne5 19. g5 Nfd7 20. f4 Bxe4 21. fxe5 Nxe5
22. Nxb6 Rc6 23. c5 dxc5 24. bxc5 Bd5 25. Nxd5 exd5 26. Na5 Rg6 27. c6 h6 28. c7
Qc8 29. Bh5 Bxg5 30. Kh1 Qh3 31. Bxg6 Bxe3 32. Qg2 Qxg2+ 33. Kxg2 Bxc1 34. Rxc1
Rc8 35. Bf5 1-0

[Event "Titled Tue 27th May Early"]
[Site "chess.com INT"]
[Date "2025.05.27"]
[Round "6"]
[White "Al-Tarboush, Ward"]
[Black "Emeliantsev, Anatoliy"]
[Result "1-0"]
[WhiteTitle "FM"]
[BlackTitle "FM"]
[WhiteElo "2223"]
[BlackElo "2359"]
[WhiteFideId "7601450"]
[BlackFideId "4160681"]
[EventDate "2025.05.27"]

1. e4 c5 2. Nf3 Nc6 3. d4 cxd4 4. Nxd4 Nf6 5. Nc3 e5 6. Ndb5 d6 7. Bg5 a6 8. Na3
b5 9. Nd5 Be7 10. Bxf6 Bxf6 11. c3 Rb8 12. Nc2 Bg5 13. a4 bxa4 14. Ncb4 Nxb4 15.
cxb4 O-O 16. Rxa4 a5 17. b5 Bd7 18. Nc3 d5 19. exd5 f5 20. Bc4 e4 21. O-O Kh8
22. d6 Bf6 23. Qd5 Re8 24. Rd1 f4 25. Nxe4 Re5 26. Qd4 Bxb5 27. Nxf6 gxf6 28.
Bxb5 Rexb5 29. Qxf4 Rxb2 30. g3 R2b4 31. Rxb4 axb4 32. d7 b3 33. Qxb8 1-0

[Event "Titled Tue 27th May Early"]
[Site "chess.com INT"]
[Date "2025.05.27"]
[Round "6"]
[White "Fikiet, Alex"]
[Black "Punin, Andrii"]
[Result "1-0"]
[BlackTitle "FM"]
[WhiteElo "2151"]
[BlackElo "2289"]
[WhiteFideId "2052717"]
[BlackFideId "14112639"]
[EventDate "2025.05.27"]

1. e4 d5 2. exd5 Qxd5 3. h3 Nf6 4. Nf3 Bf5 5. Nc3 Qa5 6. b4 Qb6 7. Rb1 e6 8. g4
Bg6 9. Bg2 Ne4 10. Nxe4 Bxe4 11. d3 Bc6 12. O-O Bxf3 13. Qxf3 c6 14. Bf4 Be7 15.
b5 Qd8 16. bxc6 Nxc6 17. Rxb7 Nd4 18. Qe4 O-O 19. Rxe7 Qxe7 20. Qxd4 Rac8 21. c4
Rfd8 22. Qe3 h5 23. gxh5 Qh4 24. h6 gxh6 25. Bxh6 Qh5 26. Bf3 Qf5 27. Be4 Qh5
28. Qg3+ 1-0